L'Autre en images : Idées reçues et stéréotypes (notice n° 1608560)

détails MARC
000 -LEADER
fixed length control field 01037cam a2200145 4500500
005 - DATE AND TIME OF LATEST TRANSACTION
control field 20251228142737.0
041 ## - LANGUAGE CODE
Language code of text/sound track or separate title fre
042 ## - AUTHENTICATION CODE
Authentication code dc
100 10 - MAIN ENTRY--PERSONAL NAME
Personal name Dulac, Élodie
Relator term author
245 00 - TITLE STATEMENT
Title L'Autre en images : Idées reçues et stéréotypes
260 ## - PUBLICATION, DISTRIBUTION, ETC.
Name of publisher, distributor, etc. L'Harmattan,<br/>
Date of publication, distribution, etc. 2005.<br/>
520 ## - SUMMARY, ETC.
Summary, etc. A l’heure où les mots «respect» et «tolérance» sont sur toutes les lèvres, il nous a paru nécessaire de nous interroger sur les clichés identitaires qui conditionnent notre rapport aux autres. Que peuvent avoir en commun, par exemple, les analyses du Journal Télévisé de France 2 et des films de Youssef Chahine&amp;#8239;? Le débat sur Maastricht et les photographies d’hystériques à la Salpêtrière&amp;#8239;? Les formes d’altérité ici posées bénéficient d’approches croisées permettant de cerner au mieux les idées reçues diffusées par les images.
700 10 - ADDED ENTRY--PERSONAL NAME
Personal name Robic-Diaz, Delphine
Relator term author
856 41 - ELECTRONIC LOCATION AND ACCESS
Uniform Resource Identifier <a href="https://shs.cairn.info/lautre-en-images--9782747580359?lang=fr&redirect-ssocas=7080">https://shs.cairn.info/lautre-en-images--9782747580359?lang=fr&redirect-ssocas=7080</a>

Pas d'exemplaire disponible.

PLUDOC

PLUDOC est la plateforme unique et centralisée de gestion des bibliothèques physiques et numériques de Guinée administré par le CEDUST. Elle est la plus grande base de données de ressources documentaires pour les Étudiants, Enseignants chercheurs et Chercheurs de Guinée.

Adresse

627 919 101/664 919 101

25 boulevard du commerce
Kaloum, Conakry, Guinée

Réseaux sociaux

Powered by Netsen Group @ 2025